00590 a2200193 4500020002000000020002000020050002100040100002000061245006500081264004000146300003000186500002200216504005400238650001500292650002800307650002100335650002100356650001900377 a0865436010 (hb) a0865436029 (pb)00aTT119.S64GER19981 aGerdes, Paulus.10aWomen, art and geometry in Southern Africa /cPaulus Gerdes. aEritrea:bAfrica World Press,c1998 axi, 244 p. :bill., map ; aincludes appendix aIncludes bibliographical references (p. 234-237). 0aHandicraft 0aDecoration and ornament 0aEthnomathematics 0aGeometry in art. 0aWomen artisans